Capitals of Non-Sovereign Countries - Statistics

General Stats
  • This quiz has been taken 126 times
  • The average score is 9 of 20
Answer Stats
Country Capital % Correct
Scotland Edinburgh
97%
Catalonia Barcelona
96%
Wales Cardiff
95%
Northern Ireland Belfast
89%
Palestine West {Jerusalem}
88%
Northern Cyprus North {Nicosia}
87%
Corsica Ajaccio
56%
Transnistria Tiraspol
43%
Kurdistan Erbil
40%
Somaliland Hargeisa
38%
Crimea Simferopol
38%
Vojvodina Novi Sad
35%
Saharawi Laayoune
27%
Basque Country Vitoria-Gasteiz
24%
Abkhazia Sukhumi
23%
Artsakh Stepanakert
20%
South Ossetia Tskhinvali
19%
Islamic State Raqqa
17%
Gilgit-Baltistan Gilgit
10%
Azad Kashmir Muzaffarabad
8%
No matching quizzes found
Score Distribution
Percent of People with Each Score
Percentile by Number Answered
Your Score History
You have not taken this quiz